Men of the Bible; Some Lesser-Known Characters (Record no. 243115)
[ view plain ]
| 000 -LEADER | |
|---|---|
| fixed length control field | 01238cam a22002413a 4500 |
| 001 - CONTROL NUMBER | |
| control field | 13860 |
| 003 - CONTROL NUMBER IDENTIFIER | |
| control field | PGUSA |
| 005 - DATE AND TIME OF LATEST TRANSACTION | |
| control field | 20140828083310.0 |
| 008 - FIXED-LENGTH DATA ELEMENTS--GENERAL INFORMATION | |
| fixed length control field | 041025s2004||||xxu|||||s|||||000 | eng d |
| 040 ## - CATALOGING SOURCE | |
| Original cataloging agency | PGUSA |
| Language of cataloging | eng |
| 042 ## - AUTHENTICATION CODE | |
| Authentication code | dc |
| 050 #4 - LIBRARY OF CONGRESS CALL NUMBER | |
| Classification number | BS |
| 100 1# - MAIN ENTRY--PERSONAL NAME | |
| Personal name | Lewis, H. Elvet |
| Fuller form of name | (Howell Elvet) |
| 245 10 - TITLE STATEMENT | |
| Title | Men of the Bible; Some Lesser-Known Characters |
| Medium | [electronic resource] / |
| Statement of responsibility, etc | H. Elvet Lewis |
| 260 ## - PUBLICATION, DISTRIBUTION, ETC. (IMPRINT) | |
| Name of publisher, distributor, etc | Project Gutenberg, |
| Date of publication, distribution, etc | 2004 |
| 505 0# - FORMATTED CONTENTS NOTE | |
| Formatted contents note | Enoch / W.J. Townsend -- Eldad and Medad / A. Rowland -- Barzillai / G. Milligan -- Adonijah / A. Rowland -- Hiram / W.J. Townsend -- Jeroboam / A. Rowland -- Asa / A. Rowland -- Ahaziah / J.G. Greenhough -- Gehazi / J.M. Gibbon -- Hazael / J.G. Greenhough -- Manasseh / J.G. Greenhough -- Amaziah / J.G. Greenhough -- Jabez / J.G. Greenhough -- Simeon / H.E. Lewis -- Pontius Pilate / W.F. Adeney -- Barabbas / J.G. Greenhough -- Joseph of Arimathea / A. Rowland -- Philip, the Evangelist / G. Milligan -- Ananias and Sapphira / G. Milligan -- Demas / D. Rowlands. |
| 506 ## - RESTRICTIONS ON ACCESS NOTE | |
| Terms governing access | Public domain in the USA. |
| 516 ## - TYPE OF COMPUTER FILE OR DATA NOTE | |
| Type of computer file or data note | Electronic text |
| 653 ## - INDEX TERM--UNCONTROLLED | |
| Uncontrolled term | Bible -- Biography |
| 830 #0 - SERIES ADDED ENTRY--UNIFORM TITLE | |
| Uniform title | Project Gutenberg |
| Volume number/sequential designation | 13860 |
| 856 40 - ELECTRONIC LOCATION AND ACCESS | |
| Uniform Resource Identifier | <a href="http://www.gutenberg.org/ebooks/13860">http://www.gutenberg.org/ebooks/13860</a> |
| 942 ## - ADDED ENTRY ELEMENTS (KOHA) | |
| Koha item type | eBooks |
| Withdrawn status | Lost status | Damaged status | Home library | Current library | Date acquired | Total Checkouts | Date last seen | Price effective from | Koha item type |
|---|---|---|---|---|---|---|---|---|---|
| Project Gutenberg | Project Gutenberg | 08/28/2014 | 08/28/2014 | 08/28/2014 | eBooks |